Statistics for Every Country with Territory in Asia

Click here to take the quiz!

General Stats

  • This quiz has been taken 49 times
  • The average score is 42 of 53

Answer Stats

HintAnswer% Correct
Asian CountryIndia
90%
Non Asian CountryRussia (Siberia)
90%
Asian CountryAzerbaijan
87%
Asian CountryBahrain
87%
Asian CountryBhutan
87%
Asian CountryChina
87%
Asian CountryIran
87%
Asian CountryIraq
87%
Asian CountryJapan
87%
Asian CountryNepal
87%
Asian CountryAfghanistan
85%
Asian CountryArmenia
85%
Asian CountryBangladesh
85%
Asian CountryCambodia
85%
Asian CountryIndonesia
85%
Asian CountrySaudi Arabia
85%
Asian CountryThailand
85%
Asian CountryTurkey
85%
Asian CountryCyprus
82%
Asian CountryLaos
82%
Asian CountryMongolia
82%
Asian CountryNorth Korea
82%
Asian CountryPakistan
82%
Asian CountrySouth Korea
82%
Asian CountryTaiwan
82%
Asian CountryVietnam
82%
Asian CountryBrunei
79%
Asian CountryGeorgia
79%
Asian CountryIsrael
79%
Asian CountryKyrgyzstan
79%
Asian CountryMalaysia
79%
Asian CountryMyanmar
79%
Asian CountryQatar
79%
Asian CountrySingapore
79%
Asian CountryTurkmenistan
79%
Asian CountryUzbekistan
79%
Asian CountryYemen
79%
Asian CountryEast Timor
77%
Asian CountryJordan
77%
Asian CountryOman
77%
Asian CountryKazakhstan
74%
Asian CountryKuwait
74%
Asian CountryLebanon
74%
Asian CountryMaldives
74%
Asian CountryPhilippines
74%
Asian CountrySri Lanka
74%
Asian CountryUnited Arab Emirates
74%
Asian CountrySyria
72%
Asian CountryTajikistan
72%
Non Asian CountryAustralia (Christmas and Cocos Islands)
62%
Non Asian CountryEgypt (Sinai Peninsula)
62%
Non Asian CountryUnited Kingdom (Indian Ocean Territory)
51%
Non Asian CountryUnited States (Various Alaskan Islands)
51%

Score Distribution

Percentile by Number Answered

Percent of People with Each Score

Your Score History

You have not taken this quiz